[Event "DEM U14 2023"]
[Site "Willingen GER"]
[Date "2023.06.02"]
[Round "8"]
[White "Petrow, Andre"]
[Black "Uyar, Levin"]
[Result "0-1"]
[Termination "normal"]
[Board "22"]
[WhiteElo "1540"]
[BlackElo "1700"]
[WhiteClock "00:34:48"]
[BlackClock "00:14:17"]
[PlyCount "71"]
[WhiteFideId "34612815"]
[BlackFideId "16282108"]
[EventCountry "GER"]
[EventRounds "9"]
[EventType "swiss"]
[EventDate "2023.05.27"]

1. e4 {[%clk 01:30:59]} e5 {[%clk 01:30:51]} {[%emt 00:00:09]} 2. f4 {[%clk
01:31:25]} {[%emt 00:00:03]} d5 {[%clk 01:30:55]} {[%emt 00:00:27]} 3. exd5
{[%clk 01:31:36]} {[%emt 00:00:19]} exf4 {[%clk 01:30:08]} {[%emt 00:01:17]} 4.
Nf3 {[%clk 01:31:49]} {[%emt 00:00:17]} Nf6 {[%clk 01:30:31]} {[%emt 00:00:08]}
5. Nc3 {[%clk 01:31:23]} {[%emt 00:00:56]} Nxd5 {[%clk 01:30:33]} {[%emt
00:00:27]} 6. Nxd5 {[%clk 01:30:43]} {[%emt 00:01:10]} Qxd5 {[%clk 01:30:55]}
{[%emt 00:00:07]} 7. Be2 {[%clk 01:30:31]} {[%emt 00:00:42]} Nc6 {[%clk
01:28:39]} {[%emt 00:02:47]} 8. d4 {[%clk 01:29:59]} {[%emt 00:01:03]} g5
{[%clk 01:23:50]} {[%emt 00:05:18]} 9. c4 {[%clk 01:21:34]} {[%emt 00:08:55]}
Bb4+ {[%clk 01:20:42]} {[%emt 00:03:37]} 10. Bd2 {[%clk 01:21:16]} {[%emt
00:00:49]} Bxd2+ {[%clk 01:11:44]} {[%emt 00:09:28]} 11. Qxd2 {[%clk 01:21:21]}
{[%emt 00:00:24]} Qe4 {[%clk 01:11:46]} {[%emt 00:00:29]} 12. d5 {[%clk
01:14:44]} {[%emt 00:07:06]} Ne5 {[%clk 00:45:51]} {[%emt 00:26:25]} 13. Qc3
{[%clk 01:10:55]} {[%emt 00:04:19]} f6 {[%clk 00:45:13]} {[%emt 00:01:08]} 14.
O-O-O {[%clk 01:04:04]} {[%emt 00:07:21]} O-O {[%clk 00:29:08]} {[%emt
00:16:35]} 15. Rhe1 {[%clk 00:56:27]} {[%emt 00:08:07]} g4 {[%clk 00:24:18]}
{[%emt 00:05:20]} 16. Bd3 {[%clk 00:45:27]} {[%emt 00:11:30]} Nxd3+ {[%clk
00:24:14]} {[%emt 00:00:35]} 17. Rxd3 {[%clk 00:45:49]} {[%emt 00:00:06]} Qg6
{[%clk 00:23:36]} {[%emt 00:01:06]} 18. Nd4 {[%clk 00:42:56]} {[%emt 00:03:26]}
Bf5 {[%clk 00:20:28]} {[%emt 00:03:38]} 19. Nxf5 {[%clk 00:42:34]} {[%emt
00:00:50]} Qxf5 {[%clk 00:20:54]} {[%emt 00:00:05]} 20. Qd2 {[%clk 00:41:06]}
{[%emt 00:01:59]} Rfe8 {[%clk 00:19:33]} {[%emt 00:01:51]} 21. Rf1 {[%clk
00:41:04]} {[%emt 00:00:32]} Re4 {[%clk 00:19:27]} {[%emt 00:00:35]} 22. Rd4
{[%clk 00:40:12]} {[%emt 00:01:23]} Rae8 {[%clk 00:19:52]} {[%emt 00:00:05]}
23. b3 {[%clk 00:38:56]} {[%emt 00:01:46]} Rxd4 {[%clk 00:18:18]} {[%emt
00:02:04]} 24. Qxd4 {[%clk 00:39:15]} {[%emt 00:00:11]} Re2 {[%clk 00:18:36]}
{[%emt 00:00:11]} 25. Qc3 {[%clk 00:37:19]} {[%emt 00:02:28]} Rxg2 {[%clk
00:18:34]} {[%emt 00:00:31]} 26. Re1 {[%clk 00:35:55]} {[%emt 00:01:54]} f3
{[%clk 00:17:34]} {[%emt 00:01:30]} 27. Rf1 {[%clk 00:35:26]} {[%emt 00:00:59]}
Qf4+ {[%clk 00:17:05]} {[%emt 00:01:01]} 28. Kd1 {[%clk 00:34:54]} {[%emt
00:01:02]} Qe4 {[%clk 00:16:52]} {[%emt 00:00:42]} 29. Kc1 {[%clk 00:34:56]}
{[%emt 00:00:29]} Qe2 {[%clk 00:15:39]} {[%emt 00:01:41]} 30. Re1 {[%clk
00:35:10]} {[%emt 00:00:17]} Qf2 {[%clk 00:14:09]} {[%emt 00:02:00]} 31. Re8+
{[%clk 00:34:54]} {[%emt 00:00:48]} Kg7 {[%clk 00:13:16]} {[%emt 00:01:21]} 32.
Re7+ {[%clk 00:35:15]} {[%emt 00:00:09]} Kg6 {[%clk 00:13:38]} {[%emt
00:00:08]} 33. Qd3+ {[%clk 00:35:33]} {[%emt 00:00:12]} f5 {[%clk 00:13:49]}
{[%emt 00:00:21]} 34. Re6+ {[%clk 00:34:58]} {[%emt 00:01:04]} Kg5 {[%clk
00:14:01]} {[%emt 00:00:09]} 35. h4+ {[%clk 00:34:48]} {[%emt 00:00:48]} gxh3
{[%clk 00:14:17]} {[%emt 00:00:14]} 36. Re7 {[%emt 00:00:39]} 0-1

[Event "DEM U14 2023"]
[Site "Willingen GER"]
[Date "2023.06.02"]
[Round "8"]
[White "Lu, Yunong Elias"]
[Black "Tabales, Lennart"]
[Result "1-0"]
[Termination "normal"]
[Board "23"]
[WhiteElo "1823"]
[BlackElo "1374"]
[WhiteClock "00:23:26"]
[BlackClock "00:07:01"]
[PlyCount "95"]
[WhiteFideId "16276426"]
[BlackFideId "34604057"]
[EventCountry "GER"]
[EventRounds "9"]
[EventType "swiss"]
[EventDate "2023.05.27"]

1. e4 {[%clk 01:30:58]} {[%emt 00:00:02]} d5 {[%clk 01:30:56]} {[%emt
00:00:06]} 2. exd5 {[%clk 01:31:24]} {[%emt 00:00:02]} Qxd5 {[%clk 01:31:22]}
{[%emt 00:00:04]} 3. Nc3 {[%clk 01:31:50]} {[%emt 00:00:04]} Qa5 {[%clk
01:31:49]} {[%emt 00:00:04]} 4. d4 {[%clk 01:32:16]} {[%emt 00:00:04]} c6
{[%clk 01:32:15]} {[%emt 00:00:04]} 5. Bc4 {[%clk 01:32:42]} {[%emt 00:00:04]}
Nf6 {[%clk 01:32:32]} {[%emt 00:00:12]} 6. h3 {[%clk 01:32:28]} {[%emt
00:00:47]} Bf5 {[%clk 01:32:20]} {[%emt 00:00:39]} 7. Nf3 {[%clk 01:32:50]}
{[%emt 00:00:08]} e6 {[%clk 01:30:42]} {[%emt 00:02:09]} 8. Bd2 {[%clk
01:33:11]} {[%emt 00:00:09]} Qc7 {[%clk 01:30:35]} {[%emt 00:00:37]} 9. Ne5
{[%clk 01:32:00]} {[%emt 00:01:41]} Nbd7 {[%clk 01:29:31]} {[%emt 00:01:33]}
10. Qe2 {[%clk 01:26:10]} {[%emt 00:06:20]} Nxe5 {[%clk 01:22:19]} {[%emt
00:07:42]} 11. dxe5 {[%clk 01:26:03]} {[%emt 00:00:36]} Nd7 {[%clk 01:15:29]}
{[%emt 00:07:20]} 12. Bf4 {[%clk 01:22:27]} {[%emt 00:04:06]} O-O-O {[%clk
01:11:43]} {[%emt 00:04:16]} 13. O-O-O {[%clk 01:15:05]} {[%emt 00:07:52]} Bb4
{[%clk 01:08:11]} {[%emt 00:04:02]} 14. Nb1 {[%clk 00:59:46]} {[%emt 00:15:49]}
Nb6 {[%clk 00:57:41]} {[%emt 00:10:59]} 15. Bg5 {[%clk 00:48:21]} {[%emt
00:11:55]} Rxd1+ {[%clk 00:53:06]} {[%emt 00:05:05]} 16. Rxd1 {[%clk 00:48:34]}
{[%emt 00:00:17]} Nxc4 {[%clk 00:52:50]} {[%emt 00:00:47]} 17. Qxc4 {[%clk
00:48:53]} {[%emt 00:00:09]} Be7 {[%clk 00:51:42]} {[%emt 00:01:38]} 18. Bxe7
{[%clk 00:47:54]} {[%emt 00:01:29]} Qxe7 {[%clk 00:49:51]} {[%emt 00:02:22]}
19. g4 {[%clk 00:47:20]} {[%emt 00:01:04]} Bg6 {[%clk 00:50:06]} {[%emt
00:00:14]} 20. Nc3 {[%clk 00:44:57]} {[%emt 00:02:53]} Rd8 {[%clk 00:47:59]}
{[%emt 00:02:37]} 21. Nb5 {[%clk 00:39:08]} {[%emt 00:06:19]} Rxd1+ {[%clk
00:37:59]} {[%emt 00:10:30]} 22. Kxd1 {[%clk 00:39:24]} {[%emt 00:00:13]} Qd7+
{[%clk 00:36:30]} {[%emt 00:02:00]} 23. Nd6+ {[%clk 00:39:46]} {[%emt
00:00:08]} Kc7 {[%clk 00:35:51]} {[%emt 00:01:08]} 24. Qa4 {[%clk 00:39:29]}
{[%emt 00:00:47]} a6 {[%clk 00:34:35]} {[%emt 00:01:47]} 25. c4 {[%clk
00:39:39]} {[%emt 00:00:20]} f6 {[%clk 00:28:12]} {[%emt 00:06:53]} 26. f4
{[%clk 00:39:41]} {[%emt 00:00:26]} Be4 {[%clk 00:28:13]} {[%emt 00:00:26]} 27.
Qb3 {[%clk 00:38:43]} {[%emt 00:01:31]} c5 {[%clk 00:27:27]} {[%emt 00:01:16]}
28. Qe3 {[%clk 00:38:55]} {[%emt 00:00:17]} Bg2 {[%clk 00:24:12]} {[%emt
00:03:34]} 29. Qxc5+ {[%clk 00:38:27]} {[%emt 00:01:10]} Qc6 {[%clk 00:22:56]}
{[%emt 00:01:47]} 30. Qa5+ {[%clk 00:27:15]} {[%emt 00:11:42]} b6 {[%clk
00:20:46]} {[%emt 00:02:40]} 31. Qa3 {[%clk 00:24:59]} {[%emt 00:02:46]} Qf3+
{[%clk 00:18:51]} {[%emt 00:02:25]} 32. Qxf3 {[%clk 00:24:25]} {[%emt
00:01:04]} Bxf3+ {[%clk 00:18:39]} {[%emt 00:00:43]} 33. Kd2 {[%clk 00:24:43]}
{[%emt 00:00:11]} fxe5 {[%clk 00:17:03]} {[%emt 00:02:06]} 34. fxe5 {[%clk
00:23:42]} {[%emt 00:01:32]} Bc6 {[%clk 00:10:54]} {[%emt 00:06:36]} 35. Ke3
{[%clk 00:24:00]} {[%emt 00:00:14]} h6 {[%clk 00:09:58]} {[%emt 00:01:26]} 36.
h4 {[%clk 00:23:12]} {[%emt 00:01:19]} b5 {[%clk 00:08:57]} {[%emt 00:01:31]}
37. cxb5 {[%clk 00:21:17]} {[%emt 00:02:25]} axb5 {[%clk 00:08:42]} {[%emt
00:00:45]} 38. b4 {[%clk 00:21:40]} {[%emt 00:00:07]} Kd7 {[%clk 00:08:27]}
{[%emt 00:00:44]} 39. g5 {[%clk 00:21:00]} {[%emt 00:01:11]} hxg5 {[%clk
00:07:31]} {[%emt 00:01:27]} 40. hxg5 {[%clk 00:21:28]} g6 {[%clk 00:07:20]}
{[%emt 00:00:41]} 41. Kd4 {[%clk 00:21:43]} {[%emt 00:00:15]} Kc7 {[%clk
00:07:09]} {[%emt 00:00:40]} 42. Kc5 {[%clk 00:22:08]} {[%emt 00:00:06]} Bd7
{[%clk 00:06:59]} {[%emt 00:00:39]} 43. Nxb5+ {[%clk 00:22:32]} {[%emt
00:00:07]} Kb7 {[%clk 00:06:42]} {[%emt 00:00:46]} 44. a4 {[%clk 00:22:40]}
{[%emt 00:00:24]} Bxb5 {[%clk 00:06:04]} {[%emt 00:01:08]} 45. axb5 {[%clk
00:22:54]} {[%emt 00:00:15]} Kc7 {[%clk 00:06:22]} {[%emt 00:00:12]} 46. b6+
{[%clk 00:22:53]} {[%emt 00:00:31]} Kd7 {[%clk 00:06:34]} {[%emt 00:00:18]} 47.
b7 {[%clk 00:23:06]} {[%emt 00:00:17]} Kc7 {[%clk 00:07:01]} {[%emt 00:00:04]}
48. b8=B+ {[%clk 00:23:26]} {[%emt 00:00:09]} 1-0

[Event "DEM U14 2023"]
[Site "Willingen GER"]
[Date "2023.06.02"]
[Round "8"]
[White "Melestean, Maxim"]
[Black "Halich, Jan Finnian"]
[Result "1-0"]
[Termination "normal"]
[Board "24"]
[WhiteElo "1450"]
[BlackElo "1134"]
[WhiteClock "01:11:22"]
[BlackClock "00:51:41"]
[PlyCount "53"]
[WhiteFideId "16280393"]
[BlackFideId "34623710"]
[EventCountry "GER"]
[EventRounds "9"]
[EventType "swiss"]
[EventDate "2023.05.27"]

1. d4 {[%clk 01:30:59]} e6 {[%clk 01:30:53]} {[%emt 00:00:07]} 2. c4 {[%clk
01:31:25]} {[%emt 00:00:04]} d5 {[%clk 01:31:20]} {[%emt 00:00:03]} 3. Nc3
{[%clk 01:31:51]} {[%emt 00:00:05]} Nf6 {[%clk 01:31:46]} {[%emt 00:00:03]} 4.
Nf3 {[%clk 01:32:17]} {[%emt 00:00:05]} Be7 {[%clk 01:32:00]} {[%emt 00:00:16]}
5. Bg5 {[%clk 01:32:41]} {[%emt 00:00:06]} O-O {[%clk 01:32:09]} {[%emt
00:00:21]} 6. e3 {[%clk 01:33:07]} {[%emt 00:00:04]} h6 {[%clk 01:32:07]}
{[%emt 00:00:32]} 7. Bh4 {[%clk 01:33:31]} {[%emt 00:00:06]} Ne4 {[%clk
01:32:06]} {[%emt 00:00:31]} 8. Bxe7 {[%clk 01:31:02]} {[%emt 00:03:00]} Qxe7
{[%clk 01:31:58]} {[%emt 00:00:37]} 9. cxd5 {[%clk 01:30:13]} {[%emt 00:01:19]}
Nxc3 {[%clk 01:31:55]} {[%emt 00:00:33]} 10. bxc3 {[%clk 01:30:37]} {[%emt
00:00:06]} exd5 {[%clk 01:32:15]} {[%emt 00:00:10]} 11. Bd3 {[%clk 01:29:41]}
{[%emt 00:01:26]} c6 {[%clk 01:32:01]} {[%emt 00:00:44]} 12. Qc2 {[%clk
01:27:23]} {[%emt 00:02:48]} Nd7 {[%clk 01:30:37]} {[%emt 00:01:54]} 13. O-O
{[%clk 01:27:46]} {[%emt 00:00:07]} Nf6 {[%clk 01:30:46]} {[%emt 00:00:21]} 14.
Rab1 {[%clk 01:27:56]} {[%emt 00:00:20]} Rb8 {[%clk 01:24:26]} {[%emt
00:06:49]} 15. Rb2 {[%clk 01:28:06]} {[%emt 00:00:21]} Ne4 {[%clk 01:22:17]}
{[%emt 00:02:38]} 16. Rfb1 {[%clk 01:27:37]} {[%emt 00:00:59]} b6 {[%clk
01:15:38]} {[%emt 00:07:10]} 17. Ne5 {[%clk 01:27:50]} {[%emt 00:00:16]} Bb7
{[%clk 01:14:21]} {[%emt 00:01:47]} 18. c4 {[%clk 01:18:10]} {[%emt 00:10:10]}
Ba6 {[%emt 00:18:00]} 19. Nxc6 {[%clk 01:17:38]} {[%emt 00:01:01]} Qc7 {[%clk
00:53:49]} {[%emt 00:03:34]} 20. Nxb8 {[%clk 01:17:55]} {[%emt 00:00:12]} Rxb8
{[%clk 00:54:09]} {[%emt 00:00:11]} 21. c5 {[%clk 01:16:55]} {[%emt 00:01:30]}
Bxd3 {[%clk 00:54:07]} {[%emt 00:00:31]} 22. Qxd3 {[%clk 01:17:17]} {[%emt
00:00:08]} Rc8 {[%clk 00:53:48]} {[%emt 00:00:49]} 23. cxb6 {[%clk 01:15:44]}
{[%emt 00:02:03]} axb6 {[%clk 00:52:18]} {[%emt 00:02:00]} 24. Rxb6 {[%clk
01:11:42]} {[%emt 00:04:32]} Qxb6 {[%clk 00:51:05]} {[%emt 00:01:44]} 25. Rxb6
{[%clk 01:11:59]} {[%emt 00:00:13]} Rc1+ {[%clk 00:51:30]} {[%emt 00:00:04]}
26. Qf1 {[%clk 01:12:27]} {[%emt 00:00:02]} Rxf1+ {[%clk 00:51:41]} {[%emt
00:00:19]} 27. Kxf1 {[%clk 01:11:22]} {[%emt 00:00:01]} 1-0